000 01260nam a2200361Ia 4500
001 dia_5491
003 CHAP
005 20240129182303.0
007 ta
008 220117s1991 mx fr 00| 0 spa d
040 _cCHAP
_amxchpua
090 _aT.C.115
_bR47 SAI
_c1991
245 1 0 _aReporte del estudio del sistema de hortalizas de exportación en el valle de Mexicali /
_ccolaboradores Everardo Arturo Aceves Vega...[et al.]
260 _aMéxico :
_bEl autor,
_c1991
300 _acerca 100 hojas :
_btablas
336 _2rdacontent
_atexto
_btxt
337 _2rdamedia
_asin medio
_bn
338 _2rdacarrier
_avolumen
_bnc
500 _a7° año
502 _aViaje de estudios
_b(SAI) --
_cUACh. Departamento de Ingeniería Agroindustrial,
_d1991
504 _aIncluye bibliografía
650 1 3 _aHorticultura
_9158781
_zMéxico
_zBaja California Norte
650 1 3 _aVegetales
_9151360
650 1 3 _aHorticulture
_9158782
_zMéxico
_zBaja California Norte
650 1 3 _aVegetables
_9151359
700 1 _aAceves Vega, Everardo Arturo
_9538
_ecolaborador
901 _aT.C.115 R47 SAI 1991
902 _aM
905 _a5232271991 mx n 8222223322spa16
942 _2local
942 _cVE
999 _c176420
_d176420